000 00552nam a2200193Ia 4500
003 0100
008 130303s9999 xx 000 0 und d
040 _cARRUPELIB
050 _aBF408.G33 1993
100 _aGardner, Howard
245 _aCreating minds
245 _ban anatomy of creativity seen through the lives of Freud, Einstein, Picasso, Stravinsky, Eliot, Graham, and Gandhi
260 _aNew York
260 _bA Division of HarperCollins Publishers
260 _C1993
300 _axvi
300 _b 464p. 24cm.
942 _2lcc
_01
999 _c60226
_d60226